000
00494nam a2200169Ia 4500
008
090711s9999 xx 000 0 und d
082
_b
76015
100
_a
बेलसरे केशव वि.
245
_a
आनंदसाधना
260
_c
1972
300
_a
160
600
_a
बेलसरे केशव वि.
630
_a
आनंदसाधना
700
_a
बेलसरे केशव वि.
730
_a
आनंदसाधना
942
_c
BOOK
999
_c
283867
_d
283867